Statistics for States of India on a Cow

Click here to take the quiz!

General Stats

  • This quiz has been taken 26 times
  • The average score is 8 of 12

Answers on the Map

Answers color-coded by a green-red scale on the quiz's map according to % correct below.
 

Answer Stats

Answer% Correct
Chhattisgarh
74%
Andhra Pradesh
70%
Gujarat
70%
Maharashtra
70%
Jharkhand
65%
Madhya Pradesh
65%
Odisha
65%
Karnataka
61%
West Bengal
61%
Telengana
57%
Dadra and Nagar Haveli
and Daman and Diu
52%
Rajasthan
52%

Score Distribution

Percentile by Number Answered

Percent of People with Each Score

Your Score History

You have not taken this quiz